000 00922nam a22003017a 4500
003 CHAP
005 20220329140355.0
008 971013s1968 r 00010 d
010 _a51079
011 _a52051
035 _a56201
040 _cCHAP
090 _aFolleto 6353
100 0 0 _aWaldegg P., Edmundo.
_9120835
245 _aRecursos forestales
260 _aMéxico, D.F. :
_bSubsecretaría Forestal y de la Fauna,
_c1968
300 _a12 p.
_b: ilus.
490 _aDivulgación forestal
_v; 2
590 _aBATCH-UPD
_b10
_c20130110
_lUCH01
_h1924
590 _aBATCH-UPD
_b10
_c20130410
_lUCH01
_h1250
590 _aBATCH-UPD
_b10
_c20130914
_lUCH01
_h1933
590 _aCONVERSION
_b10
_c20130109
_lUCH01
_h1328
650 1 4 _aRecursos forestales
_zMéxico.
_995075
830 0 _aDivulgación forestal
_v; 2
_933041
901 _aBK
942 _cFOLL
949 _aFolleto 6353
_bBC
_cFOLL
_d-122891
_eTS1
_i56201
_si
999 _c51079
_d51079